000 00351nam a2200169Ia 4500
008 240830s2012 xx 000 0 und d
041 _aeng
082 _a1
100 _aGULHATI
245 _aMIMS INDIA
250 _a1
260 _bN.D.
_c2012
300 _a200p
650 _aKAYA-CHIKITSA
906 _aMIMS INDIA
999 _c1183992
_d1183992